000 00643nam a2200169 i 4500
001 149671
003 ES-MaACL
005 20230906203212.0
007 t|
008 071023s1935 mx ||||1| spa d
100 1 _aVasquez, Genaro V.
_9113277
245 1 0 _aResultados prácticos e influencia de las convenciones internacionales del trabajo, sobre las legislaciones sociales de las naciones hispanoamericanas /
_cpor Genaro V. Vasquez y Rubén Salido Orcillo.
260 _aMéxico :
_b[s.n.],
_c1935 (
_fTall. Gráf. La Nación)
300 _a15 p. ;
_c23 cm.
700 1 _aSalido Orcillo, Rubén.
_9101922
852 _aES-MaACL
_j1818-F-21
999 _c149671
_d149671